000 00433nam a22001697a 4500
003 OSt
008 210205b ||||| |||| 00| 0 eng d
020 _a9788131257739
100 _aHall, John E
245 _aGuyton and Hall: Textbook of Medical Physiology
250 _a3rd
260 _aNew Delhi
_bElsevier
_c2021
440 _a1011
650 _aHuman Anatomy and Physiology
700 _aHall, Michael.E
942 _2ddc
_cBK
999 _c10411
_d10411